Middle Earth Places - Statistics

General Stats
  • This quiz has been taken 965 times
  • The average score is 27 of 47
Answer Stats
Hint Answer % Correct
Where the Frodo met Strider Bree
96%
The most famous Hobbit-hole Bag End
95%
The "White City" ou "Tower of Guard" Minas Tirith
91%
Kingdom of the "Horse-lords" Rohan
91%
Homeland of the Hobbits Shire
89%
Sauron kingdom Mordor
88%
The Lonely Mountain Erebor
87%
The very old forest near this tower - the last Ents home Fangorn
85%
Dwarven city beneath Misty Mountains Moria
85%
Its new name, under Nazgul domination Minas Morgul
84%
Forest where live Galadriel and Celeborn Lothlorien
81%
The great eastern forest where live a lot of spiders Mirkwood
81%
The southern kingdom they founded Gondor
78%
Deserted city near this mountain Dale
74%
Its capital city Edoras
74%
Island where lived the Edain in the Second Age Numenor
74%
The northern kingdom of Witch King Angmar
73%
The old watch tower where Nazgul attacks the Hobbits Weathertop
72%
Tower where Sauron lives Barad Dur
70%
The strange black tower in the north of this kingdom Orthanc
67%
The Necromancer tower Dol Guldur
64%
The ancient capital on Anduin river Osgiliath
64%
The northern kingdom they founded in Eriador Arnor
57%
Its eastern sister, the "Tower of the Moon" Minas Ithil
56%
The home of the Valar Valinor
56%
Elrond's House (elven name) Imladris
54%
Its dwarven name Khazad Dum
53%
The pass its controls Cirith Ungol
51%
Its other name Amon Sul
49%
Forest where lives Tom Bombadil Old Forest
49%
The most southern realm Harad
47%
Other name for Lake-town Esgaroth
44%
Its old name Minas Anor
43%
Other name of Mount Doom Orodruin
43%
This "Earth" Arda
40%
The hill near this forest where evil spirits "live" Barrow Downs
40%
The "Pillars of the Kings" on Anduin river Argonath
35%
A vast maze of rocky crags in Rhovanion Emyn Muil
30%
The northern entrance of the kingdom, known as the Black Gate Morannon
29%
A stony eyot on the Anduin river near Beorn home Carrock
25%
The continent that lay to the west of Middle-earth Aman
20%
The first capital of the northern kingdom Annuminas
20%
Its capital city Carn Dum
18%
A treeless wasteland known as the Dead Marshes Dagorlad
17%
The Grey Haven where Elves leave Eriador Mithlond
17%
The great western ocean Belegaer
12%
The second one Fornost Erain
8%
No matching quizzes found
Score Distribution
Percent of People with Each Score
Percentile by Number Answered
Your Score History
You have not taken this quiz